000 00293nam a2200121Ia 4500
005 20251222152705.0
008 251222s9999||||xx |||||||||||||| ||spa||
082 _a910/N89/T.III
100 _aEditorial Marín S.A.
245 0 _aNueva Geografía Marín
264 _bMarín S.A.
942 _cLIB
999 _c28980
_d28980